000
00412nam a2200169Ia 4500
008
220531s9999 xx 000 0 und d
041
_a
mar
100
_a
बैजल रेखा
_9
62542
245
_a
तपस्या
250
_a
2ND
260
_a
Pune
_b
Madhuraj
_c
2007
300
_a
214
542
_d
23-08-2013
650
_a
Marathi
_9
62543
906
_d
2013-2014
999
_c
35585
_d
35585